| 000 | 00542nam a22002057a 4500 | ||
|---|---|---|---|
| 005 | 20230614182814.0 | ||
| 008 | 160106b2014 xxu||||| |||| 00| | spa d | ||
| 041 | _aESP | ||
| 082 | _a005.1 M337s | ||
| 100 |
_aMarín Romero, Mario _980524 |
||
| 245 | _aSistemas de Calidad | ||
| 260 |
_aCosta Rica _bEUNED _c2014 |
||
| 300 | _a240 páginas | ||
| 650 |
_aINFORMÁTICA _980525 |
||
| 650 |
_aCONTROL DE CALIDAD _980526 |
||
| 650 |
_aSOFTWARE _980527 |
||
| 650 |
_aPROYECTOS INFORMÁTICOS _980528 |
||
| 650 |
_aCOSTA RICA _980529 |
||
| 942 | _cBK | ||
| 999 |
_c7273 _d7273 |
||